00956nam a2200253Ia 4500008004100000020001700041040001400058082002300072100003300095245003600128260005700164300001600221365002600237366000800263505002200271530003000293620011300323630003600436650002900472730003600501942000900537999001900546952013700565100315s9999 xx 000 0 und d a1557758093  cENGLISH  b9579 a338.5443  aInternational Monetary fund  aWorld Economic Outlook May 1999 aWASHINGTON bInternational Monetary Fund  c1999  a"ix,222  " eRupees d1 b0.00  f0  gVaibhav Gaikwad  bDonated By RBI Library   a"International Commerce, World Economic Outlook May 1999, RBI Book, International Monetary Fund, RBI Book " aWorld Economic Outlook May 1999 aInternational Commerce  aWorld Economic Outlook May 1999 cBOOK c484313d484310 00104070aVPMBRIMSbVPMBRIMSd2009-06-27g0.00l0o338.5443 /IMF  9579 pVPMBRIMS-9579 r2010-03-19 00:00:00w2010-03-19yBOOK